| 000 | 00805cam a2200241 i 4500 | ||
|---|---|---|---|
| 001 | sa 66002283 | ||
| 003 | DLC | ||
| 005 | 20260227112228.0 | ||
| 008 | 811023s1965 bg ac 000 0aben | ||
| 010 | _asa 66002283 | ||
| 040 |
_aDLC _cDLC _dDLC |
||
| 043 | _aa-ch--- | ||
| 050 | 0 | 0 |
_aPK1718.S495 _bZ52 |
| 100 | 1 |
_aŚāmasuddīna, Ābula Kālāma, _d1897-1978. |
|
| 245 | 1 | 0 |
_aNatuna Cīna natuna deśa / _cĀbula Kālāma Śāmasuddīna. |
| 250 | _a1. saṃskaraṇa. | ||
| 260 |
_aḌhākā : _bĀhamada Pābaliśiṃ Hāuja, _c1965. |
||
| 300 |
_a109 p. : _bill. (part col.), ports. ; _c22 cm. |
||
| 500 | _aIn Bengali. | ||
| 600 | 1 | 0 |
_aŚāmasuddīna, Ābula Kālāma, _d1897-1978 _xTravel _zChina. |
| 651 | 0 |
_aChina _xDescription and travel. |
|
| 650 | 0 |
_aAuthors, Bengali _y20th century _vBiography. |
|
| 999 |
_c68275 _d68275 |
||